| 000 | 00774nam a2200181 a 4500 | ||
|---|---|---|---|
| 003 | 0 | ||
| 005 | 20250507151932.0 | ||
| 008 | 970101s19uu xx 00 eng d | ||
| 050 |
_aPHS LB 3605 _b.M36 2004 |
||
| 100 | _aManzana, Paul Michael C. | ||
| 245 |
_aA Comparative study on time management skills of Southville International School and Makati Hope Christian School Fourth year High School students / _cPaul Michael C. Manzana. |
||
| 260 |
_aLas PiƱas City, Philippines : _bSouthville International School and Colleges, _c2004. |
||
| 300 |
_a31 pages : _billustrations ; _c28 cm. |
||
| 504 | _aIncludes bibliographical references. | ||
| 650 |
_aTime management _xStudents _zPhilippines. |
||
| 650 |
_aStudents _xTime management _vComparative studies. |
||
| 942 |
_2lcc _cPASS |
||
| 999 |
_c97136 _d97136 |
||